| 000 | 00569cam a2200229 4500 | ||
|---|---|---|---|
| 001 | D8530 | ||
| 008 | 090401t1971 xxu||||| |||| 00| 0 eng d | ||
| 035 | _a(Sirsi) u13571 | ||
| 041 | _aeng | ||
| 050 | _a630.026 | ||
| 090 | _a630.026 | ||
| 100 | _aScammell, Wilfred Stanley | ||
| 245 | _aScammell`s law of agricultural holdings | ||
| 250 | _a5th | ||
| 260 |
_aLondon _bButterworth _c1971 |
||
| 300 | _axlii. 620p. 22cm | ||
| 350 | _a6.75 | ||
| 520 | _aConsulting editor W.S.Scammell | ||
| 700 | _aParrish, Margaret R.K | ||
| 942 | _n0 | ||
| 948 | _c04/03/1997 | ||
| 999 |
_c87113 _d87113 |
||